000 00472nam a2200181Ia 4500
001 9430
005 20260306161718.0
008 260306t2015||||xx |||||||||||||| ||spa||
041 _aESP
082 _a378.985
_bC95
100 _aCuenca, Ricardo
_eAUT
245 0 _aLa educación universitaria en el Perú:
_bdemocracia, expansión y desigualdades
260 _c2015
300 _a162 páginas :
_c23 cm.
650 _aGEN
654 _aCED
942 _cLIB
_dJUS
_fJUS
_2ddc
_n
999 _c9430
_d9430